| 000 | 00556cam a22001697a 4500 | ||
|---|---|---|---|
| 008 | 180718b1992 xxu||||| |||| 00| 0 eng d | ||
| 020 | _a8190028103 | ||
| 082 | _aO91 Sh69 | ||
| 100 | _aShiva, Vandana | ||
| 245 |
_aTowards hope: an ecological approach to the future _cby Vandana Shiva...[et.al.] |
||
| 260 |
_aDelhi _bIndian National Trust for Art and Cultural Heritage _c1992 |
||
| 300 | _a94p. | ||
| 440 | _aStudies in ecology and sustainable development, no.6 | ||
| 650 | _aGreen revolution | ||
| 650 | _aSustainable development | ||
| 650 | _aEcology | ||
| 999 |
_c375548 _d375548 |
||